Statistics for Municipalities of Kochi Prefecture

Click here to take the quiz!

General Stats

  • This quiz has been taken 42 times
  • The average score is 23 of 34

Answers on the Map

Answers color-coded by a green-red scale on the quiz's map according to % correct below.
 

Answer Stats

Answer% Correct
Kochi 高知
100%
Tosa 土佐
100%
Tosa 土佐
100%
Shimanto 四万十
93%
Shimanto 四万十
93%
Muroto 室戸
87%
Nankoku 南国
87%
Susaki 須崎
87%
Aki 安芸
73%
Ino いの
73%
Sukumo 宿毛
73%
Tosashimizu 土佐清水
73%
Nahari 奈半利
67%
Otoyo 大豊
67%
Kami 香美
60%
Konan 香南
60%
Sakawa 佐川
60%
Tano 田野
60%
Toyo 東洋
60%
Umaji 馬路
60%
Yusuhara 檮原
60%
Geisei 芸西
53%
Hidaka 日高
53%
Kitagawa 北川
53%
Kuroshio 黒潮
53%
Mihara 三原
53%
Motoyama 本山
53%
Nakatosa 中土佐
53%
Niyodogawa 仁淀川
53%
Ochi 越知
53%
Okawa 大川
53%
Otsuki 大月
53%
Tsuno 津野
53%
Yasuda 安田
53%

Score Distribution

Percentile by Number Answered

Percent of People with Each Score

Your Score History

You have not taken this quiz